Reconversion to Hinduism Through Suddhi (Record no. 3348)

MARC details
000 -LEADER
fixed length control field 00624nam a2200253 a 4500
020 ## - INTERNATIONAL STANDARD BOOK NUMBER
ISBN
082 00 - DEWEY DECIMAL CLASSIFICATION NUMBER
Classification number 294.54
Author Cutter SEU
100 ## - MAIN ENTRY--AUTHOR NAME
Author name Seunarine, J F
245 ## - TITLE STATEMENT
Title Reconversion to Hinduism Through Suddhi
260 ## - PUBLICATION, DISTRIBUTION, ETC. (IMPRINT)
Place of publication Madras
Name of publisher Christian Literature Society
Year of publication 1977
300 ## - PHYSICAL DESCRIPTION
Number of Pages 105p
500 ## - GENERAL NOTE
General note includes index and biblioraphy
505 2# - FORMATTED CONTENTS NOTE
Formatted contents note appendices
650 ## - SUBJECT ADDED ENTRY--TOPICAL TERM
Topical Term Conversion-Hinduism
650 ## - SUBJECT ADDED ENTRY--TOPICAL TERM
Topical Term Suddhi
942 ## - ADDED ENTRY ELEMENTS (KOHA)
Koha item type Books
700 1# -
-- Seunarine, J F
Holdings
Home library Current library Date acquired Cost, normal purchase price Full call number Accession Number Koha item type
Henry Martyn Institute Library Henry Martyn Institute Library 07/24/2007 8.00 294.54 SEU 08131 E-Books
                   Copyright © 2026 | Henry Martyn Institute | Hyderabad | TS-500052 | INDIA | Implemented by hmi.edu.in
Hit-Count:

Powered by Koha